The System of Apartheid and Its Impact on the Past and Present Development of Republic of South Africa (RSA)
Systém apartheidu v Juhoafrickej republike. Súčasná sociálno-ekonomická situácia v JAR s ohľadom na jej ekonomické a historické korene. Politický a ekonomický vývoj za posledných 200 rokov v Južnej Afrike.
Guardado en:
| Autor principal: | |
|---|---|
| Formato: | Capítulo de libro |
| Lenguaje: | inglés |
| Materias: | |
| Etiquetas: |
Sin Etiquetas, Sea el primero en etiquetar este registro!
|
MARC
| LEADER | 00000naa$a2200000$$$4500 | ||
|---|---|---|---|
| 001 | 0281368 | ||
| 005 | 20240502074359.0 | ||
| 041 | 0 | |a eng | |
| 044 | |a SK | ||
| 245 | 1 | 0 | |a The System of Apartheid and Its Impact on the Past and Present Development of Republic of South Africa (RSA) |c Boris Dziura |
| 520 | |a Systém apartheidu v Juhoafrickej republike. Súčasná sociálno-ekonomická situácia v JAR s ohľadom na jej ekonomické a historické korene. Politický a ekonomický vývoj za posledných 200 rokov v Južnej Afrike. | ||
| 610 | 2 | 0 | |a politika |
| 610 | 2 | 0 | |a nezamestnanosť |
| 610 | 2 | 0 | |a rasizmus |
| 610 | 2 | 0 | |a Juhoafrická republika |
| 100 | 1 | |a Dziura, Boris, 1976- | |